| 000 | 00971cab a22002175a 4500 | ||
|---|---|---|---|
| 001 | L146848 | ||
| 008 | 090304e20090228xxk f v 000 0 eng d | ||
| 035 | _a(Sirsi) u146848 | ||
| 041 | 0 | _aeng | |
| 100 | 1 | _aChesser, Andrew | |
| 245 | 0 | 0 | _aTenants have to make difficult choices |
| 260 | _c2009 | ||
| 490 | 0 |
_aEstates Gazette _v(0908) 28 February 2009, 109(1) |
|
| 520 | _aConsiders the law relating to the process of obtaining the landlord's consent to assign, sublet, charge or part possession by tenants. Discusses what happens when there are problems or when things go wrong and what the tenant's options are. Concludes that alternative dispute resolution might be a good practical remedy. | ||
| 590 | _aKA | ||
| 650 | 2 | 4 | _aLANDLORD AND TENANT ACT 1927 |
| 650 | 2 | 4 | _aDESIGN PROGRESSION LTD V THURLOE PROPERTIES LTD |
| 651 | 4 |
_aEngland and Wales _y1543- |
|
| 690 | _aPROPERTY-COMMERCIAL PROPERTY-COMMERCIAL LANDLORD AND TENANT-COMMERCIAL LEASES | ||
| 942 | _n0 | ||
| 999 |
_c81311 _d81311 |
||